Sudden Death - Deutsche Städte - Statistiken

Allgemein
  • Dieses Quiz wurde 737 mal gespielt
    730 seit der letzten Aktualisierung
  • Das Durchschnittsergebnis liegt bei 9 aus 13
Answers on the Grid
Answers color-coded by a green-red scale on the quiz's grid according to % correct below.
Berlin
Bremen
Königsberg
Ingolstadt
Kapstadt
Tilburg
Wismar
Lüttich
Arnstadt
Innsbruck
Augsburg
Bettemburg
Johannesburg
Hildesheim
Chemnitz
Nienburg
Gräfenhainichen
Vreden
Dresden
Trier
 
Antwortstatistiken
Antwort % Korrekt
Bremen
92%
Dresden
92%
Berlin
91%
Augsburg
90%
Chemnitz
87%
Ingolstadt
86%
Trier
83%
Hildesheim
81%
Wismar
73%
Nienburg
48%
Gräfenhainichen
41%
Arnstadt
36%
Vreden
33%
Keine übereinstimmenden Quizze gefunden
Verteilung der Resultate
Anzahl Personen mit jedem Resultat
Perzentil nach korrekt beantworteten Fragen
Ihre Resultats-Entwicklung
Sie haben dieses Quiz seit der letzten Aktualisierung nicht gespielt